Pattern matching under dynamic time warping for time series prediction = Dự báo trên chuỗi thời gian bằng phương pháp so trùng mẫu dưới độ đo xoắn thời gian động /
Guardado en:
| Autor principal: | |
|---|---|
| Formato: | Artículo |
| Lenguaje: | Vietnamese |
| Materias: | |
| Etiquetas: |
Agregar Etiqueta
Sin Etiquetas, Sea el primero en etiquetar este registro!
|
| Thư viện lưu trữ: | Thư viện Trường Đại học Đà Lạt |
|---|
| LEADER | 00992nam a2200265 4500 | ||
|---|---|---|---|
| 001 | DLU190192449 | ||
| 005 | ##20190917 | ||
| 040 | # | # | |a DLU |b vie |
| 041 | # | # | |a vie |
| 044 | # | # | |a vn |
| 100 | # | # | |a Nguyen Thanh Son. |
| 245 | # | # | |a Pattern matching under dynamic time warping for time series prediction = |b Dự báo trên chuỗi thời gian bằng phương pháp so trùng mẫu dưới độ đo xoắn thời gian động / |c Nguyen Thanh Son. |
| 653 | # | # | |a Dynamic time warping |
| 653 | # | # | |a K-nearest neighbor |
| 653 | # | # | |a Pattern matching |
| 653 | # | # | |a Time series prediction |
| 773 | # | # | |t Tạp chí Khoa học Đại học Sư phạm TP. Hồ Chí Minh: Khoa học tự nhiên và công nghệ |g Số 3, 2018, tr. 148-160 |
| 920 | # | # | |a Phòng Tạp chí -- Trung tâm Thông tin - Thư viện Trường Đại học Đà Lạt |
| 900 | # | # | |a True |
| 911 | # | # | |a Hoàng Thị Huyền |
| 925 | # | # | |a G |
| 926 | # | # | |a A |
| 927 | # | # | |a BB |
| 980 | # | # | |a Thư viện Trường Đại học Đà Lạt |